00671cam a22002053a 450000100060000000300060000600500170001200800410002904000150007004200070008505000070009210000400009924501400013926000290027950600300030851600200033865300360035883000290039485600420042319172PGUSA20140828083415.0060904s2006||||xxu|||||s|||||000 | eng d aPGUSAbeng adc 4aDS1 aMorrison, George Ernest,d1862-192013aAn Australian in China :bBeing the Narrative of a Quiet Journey Across China to Burmah[electronic resource] /cGeorge Ernest Morrison bProject Gutenberg,c2006 aPublic domain in the USA. aElectronic text aChina -- Description and travel 0aProject Gutenbergv1917240uhttp://www.gutenberg.org/ebooks/19172